Rapport a son excellence M. le Ministre d'État sur les inscripction assyriennes du British Museum / (Record no. 159384)

MARC details
000 -LEADER
campo de control de longitud fija 00786nam a2200181 i 4500
001 - NÚMERO DE CONTROL
campo de control 159384
003 - IDENTIFICADOR DE NÚMERO DE CONTROL
campo de control ES-MaACL
005 - FECHA Y HORA DE LA ÚLTIMA TRANSACCIÓN
campo de control 20230906211557.0
008 - DATOS DE LONGITUD FIJA--INFORMACIÓN GENERAL
campo de control de longitud fija 021105s1862 fr |||| | fre d
040 ## - FUENTE DE CATALOGACIÓN
Centro catalogador/agencia de origen CCPB | B
Lengua de catalogación spa
Centro/agencia transcriptor CCPB | B
100 1# - ENTRADA PRINCIPAL--NOMBRE DE PERSONA
Nombre de persona Ménant, Joachim (
Fechas asociadas al nombre 1820-1899)
9 (RLIN) 129820
245 10 - MENCIÓN DEL TÍTULO
Título Rapport a son excellence M. le Ministre d'État sur les inscripction assyriennes du British Museum /
Mención de responsabilidad, etc. par Joachim Ménant.
260 ## - PUBLICACIÓN, DISTRIBUCIÓN, ETC.
Lugar de publicación, distribución, etc. Paris :
Nombre del editor, distribuidor, etc. librairie de Benjamin Duprat,
Fecha de publicación, distribución, etc. 1862.
300 ## - DESCRIPCIÓN FÍSICA
Extensión 32 p. ;
Dimensiones 25 cm.
650 #4 - PUNTO DE ACCESO ADICIONAL DE MATERIA--TÉRMINO DE MATERIA
Término de materia o nombre geográfico como elemento de entrada Escritura cuneiforme.
9 (RLIN) 12404
650 04 - PUNTO DE ACCESO ADICIONAL DE MATERIA--TÉRMINO DE MATERIA
Término de materia o nombre geográfico como elemento de entrada Inscripciones cuneiformes.
9 (RLIN) 136291
852 ## - LOCALIZACIÓN
Ubicación ES-MaACL
Número de control de estantería G-6374(4)
Nota libre -- Enc. hol.
condición física -- Falto de la cub. original
Nota libre -- Enc. en un vol. facticio
Encuadernación -- Edic.: En colofón consta el imp.: Caen : typ. de A. Hardel
Holdings
Estatus retirado Estado de pérdida Estado de daño No para préstamo Colección Biblioteca de origen Biblioteca actual Ubicación en estantería Fecha de adquisición Fuente de adquisición Total de préstamos Signatura topográfica completa Código de barras Visto por última vez Precio de reemplazo Tipo de ítem Koha
        Libros del s. XIX Biblioteca del Ateneo de Madrid Biblioteca del Ateneo de Madrid Depósito 2 17/01/2008     G-6374(4) 1166852 23/02/2023 23/02/2023 Libro impreso antiguo